000 01499cam a22002771i 4500
003 SA-RiAUC
005 20250114080223.0
008 241120s2003 ts g 00000 ara c
040 _aSA-JeALM
_bara
_cSA-RiAUC
_erda
082 0 4 _a258.2
090 _a258.2
_bغ ل ا
100 1 _aالغلاوي، أحمد بن البشير بن محمد،
_d1215-1276 هـجري
_eمؤلف.
245 1 0 _aموارد النجاح ومصادر الفلاح على رسالة ابن أبي القيرواني /
_cأحمد محمد البشير الشنقيطي.
264 1 _aأبو ظبي :
_bالمجمع الثقافي،
_c2003
300 _a2 مجلد ؛
_c24 سم
336 _aنص
_btxt
_2rdacontent
_3كتاب
337 _aبدون وسيط
_bn
_2rdamedia
338 _aمجلد
_bnc
_2rdacarrier
501 _aمعه : كوثر الأماني والتهاني لموارد النجاح ومصادر الفلاح : تكملة رسالة القيرواني / لحفيده القاضي محمد بن احمد بن البشير.
650 7 _aالفقه المالكي
_2aucsh
700 1 2 _aابن أبي زيد القيرواني، عبد الله بن عبد الرحمن بن أبي زيد،
_d310-386 هجرى
740 0 2 _aرسالة ابن أبي زيد القيرواني.
740 0 2 _aكوثر الأماني والتهاني لموارد النجاح ومصادر الفلاح : تكملة رسالة القيرواني.
942 _2ddc
_cBOOK
_n0
949 _aSA-JeALM
_d241120
_umohamedma123
_n1
999 _c2623
_d2623